000 00333nam a22001457a 4500
003 OSt
008 250514b |||||||| |||| 00| 0 eng d
100 _aSWAMI, Mahatama Narayan
245 _aMritu Or Parlok
250 _a22th
260 _aNew Delhi
_bArya Prakashan
_c2022
300 _a220
650 _aGeneral
942 _2ddc
_cBK
999 _c13577
_d13577